| 000 | 00650cam1a220020500 4500 | ||
|---|---|---|---|
| 001 | tmp15471763 | ||
| 003 | UPRA | ||
| 005 | 20190830110137.0 | ||
| 008 | 950823s1960 enk eng u | ||
| 035 | _a(Sirsi) r112689 | ||
| 035 | _a(UPRA)tmp15471763 | ||
| 040 | _cUPRA | ||
| 100 | 1 |
_aSetalvad, Motilal Chimanlal. _6A41430.1 |
|
| 245 | 1 | 4 | _aThe common law in India. |
| 260 |
_aLondon : _bStevens, _c1960. |
||
| 440 | 0 |
_aHamlyn lectures. 12th series _nHamlyn lectures. 12th series _6S11715.1 |
|
| 650 | 0 |
_aCommon law -- India. _zCommon law -- India. _6S55337.1 |
|
| 949 |
_aKF2891 _wlcc _i33729001740880 _mMAIN _p2500 _tBOOK _lON-SHELF |
||
| 004 | 112689 | ||
| 999 |
_c187945 _d187945 |
||